000 00872nam a22002777a 4500
003 CHAP
005 20220329135935.0
008 971013s r 00010 d
010 _a44420
011 _a45392
035 _a49531
040 _cCHAP
082 _a630.72
_bI47c 1972
110 _aINIA. México. Centro de Investigaciones Agrícolas de Sinaloa
_958546
245 _aCiclo de seminarios, 1972
260 _aCuliacán, Sin. :
_bEl Instituto,
_c(s.a.)
300 _as.p.
590 _aBATCH-UPD
_b10
_c20130110
_lUCH01
_h1143
590 _aBATCH-UPD
_b10
_c20130410
_lUCH01
_h0728
590 _aCONVERSION
_b10
_c20130109
_lUCH01
_h1324
650 1 4 _aAgricultura
_xInvestigacion
_xSinaloa.
_91674
650 1 4 _aAgricultura
_xSinaloa.
_91794
901 _aBK
942 _cLIBRO
949 _a630.72 I47c 1972
_bBC
_cLIBRO
_d33724000038246
_eLIBRO
_h38168
_i49531
_mD
_si
999 _c44420
_d44420